| 000 | 00609nam a2200181Ia 4500 | ||
|---|---|---|---|
| 005 | 20250423100440.0 | ||
| 008 | 250422s9999 xx 000 0 und d | ||
| 020 | _a0-684-86361-8 | ||
| 050 | _aPS 3558.U494 .P35/ | ||
| 100 | _aStephen Hunter | ||
| 245 | 0 | _aPale horse coming: a novel | |
| 260 | _aNew York | ||
| 260 | _bSimon And Schuster | ||
| 260 | _c2001 | ||
| 300 | _a491 p | ||
| 650 | _a Swagger, Bob Lee (Fictitious character)--Fiction. Private investigators--Mississippi--Fiction. African American prisoners--Fiction. Prisons--Fiction. Mississippi--Fiction. | ||
| 942 | _cBK | ||
| 999 |
_c33339 _d33339 |
||